Quizzes
Events
Quiz Creation
Community
Videos
Private Events
Remove Ads
Sign In
Join for FREE
Feedback
Dark Mode
Quiz Categories
Sports
Geography
Music
Movies
Television
Just For Fun
Miscellaneous
History
Literature
Language
Science
Gaming
Entertainment
Religion
Holiday
For Kids
Quiz Lab
Recent
Popular Today
Quiz Kudos Today
Editor Picks
Curator Picks
Quizzes by...
Day
Popularity
Type
Ratings
Length
Year
Community
Subscriptions
Recent Discussions
Orange Saloon
Badges
Playlists
Quests
Create
Leaderboards
Showdown
Live 5
Trivia Bingo
Activity
Puzzle Library
Sporcle Events
Private Events
Virtual Trivia
Globe League
Become a Host
Pub Owners
SporcleCon
Opinionation
Our Games
Videos
Blog
Mobile Apps
Partnerships
Remove Ads and Go Orange
Feedback
Entertainment
Celebrity
Famous
Musical
Broadway
Show
Quote
Comic Books
Anime
Superhero
DC Comics
Marvel
Cartoons
Animation
Entertainment
Celebrity
Famous
Musical
Broadway
Show
Quote
Comic Books
Anime
Superhero
DC Comics
Marvel
Cartoons
Animation
Random Quiz
Search Sporcle
×
Quiz Lab
Quiz Lab
Entertainment
2011
Type in answers that appear in a list
Type in answers that appear in a list
Classic
Best Score? Go Orange.
Time Magazine's Top 10 of Everything 2011 Stats
Can you name the top 10 things in each category?
By
theoffice16
10m
60 Questions
99 Plays
99 Plays
99 Plays
Comments
Comments
Give Quiz Kudos
Give Quiz Kudos
-
- Ratings
hide this ad
Replay
Link that replays current quiz
Next Quiz
Link to next quiz in quiz playlist
You Got
0%
They Got
Avg Score
8%
Avg Friend Score
Upgrade to see
Score Distribution
Jump to the score distribution portion of the page
Score
0/60
Timer
10:00
0
Plays Today
% Correct
Breaking Bad
53.5%
Adele/21
40.4%
Adele/Rolling in the Deep
40.4%
Parks and Recreation
29.3%
Skyrim
29.3%
Kanye West and Jay-Z/Watch the Throne
25.3%
Community
23.2%
Hugo
22.2%
The Artist
20.2%
Jay-Z and Kanye West/Otis
20.2%
Batman: Arkham City
20.2%
Battlefield 3
20.2%
Jack and Jill
17.2%
Game of Thrones
17.2%
Breaking Dawn
13.1%
Homeland
13.1%
The Tree of Life
12.1%
Uncharted 3
12.1%
War Horse
11.1%
The Good Wife
9.1%
Foster the People/Pumped Up Kicks
8.1%
Florence + the Machine/Ceremonials
5.1%
tUnE-yArDs/W h o k i l l
5.1%
tUnE-yArDs/Gangsta
5.1%
Portal 2
5.1%
Rise of the Planet of the Apes
4%
Zookeeper
4%
Florence + the Machine/No Light, No Light
4%
Nicki Minaj/Super Bass
4%
Friday Night Lights
4%
% Correct
The Legend of Zelda: Skyward Sword
4%
Bastion
4%
Black Keys/El Camino
3%
Super 8
3%
Rango
3%
Louie
3%
Justified
3%
Fast Five
2%
Red Riding Hood
2%
PJ Harvey/Let England Shake
1%
The Beastie Boys/Hot Sauce Committee part II
1%
Detective Dee and the Mystery of the Phantom Flame
1%
Sucker Punch
1%
Your Highness
1%
Minecraft
1%
Dark Souls
1%
Frank Ocean/Nostalgia, Ultra
0%
Caitlin Rose/Own Side Now
0%
Civil Wars/Barton Hollow
0%
Cave of Forgotten Dreams
0%
Trespass
0%
The Future
0%
I Melt with You
0%
Miral
0%
Mayer Hawthorne/A Long Time
0%
Cults/Go Outside
0%
Tyler the Creator/Yonker
0%
St. Vincent/Cruel
0%
Enlightened
0%
Sword & Sworcery
0%
Quiz Playlist
Details
Report
Send in Message
Add To Playlist
Classic:
Type in answers that appear in a list
Last Updated: Feb 16, 2017
Quiz Scoreboard
CHALLENGE
Sign Up to Join the Scoreboard
Show All
Scores
Hide
Comments
May contain spoilers
Recently Published
Movies - When Are They Set?
by FPL_Elf
Movies
5m
Popular People in 1961
by mucciniale
History
6m
1-10 Letter E Words III
by El_Dandy
Language
2m
More to Explore
Quiz From the Vault
Featured Blog Post
Where Did the Easter Bunny Come From?
hide this ad
You Might Also Like...
Tags
2011
Category
Everything
Magazines
Today's Top Quizzes in Entertainment
Browse Entertainment
hide this ad
Today's Top Quizzes in 2011
Browse 2011
Top Contributed Quizzes in Entertainment
1
Kamen Rider Motifs
2
Dragon Ball Z: Goku's Fights in Order
3
Dragon Ball Z: Mega Character Search
4
One Piece Arcs By Order III
5
Survivor Winners Logic Quiz
6
Undead Unluck Minefield
7
Criteria Quickie: Cartoon Taxonomy II
8
Marvel Characters Bunker
9
Who Wants to Be a Millionaire: Anime Edition
10
Demon Slayer 11-1
Explore More
Trending Topics
Crossword
Disney
Harry Potter
Anime
NBA
Marvel
Kpop
Soccer
Puzzle
The Office
Pokémon
Country
NFL
WWE
Song
hide this ad
More By:
theoffice16
Quiz
Plays
Rating
Category
Featured
Created
100 Greatest Things of the Decade
3,965
2.96
Entertainment
Dec 6, 2009
GLEE Grab Bag
2,764
2.09
Television
Aug 5, 2010
Songs in Glee
1,509
3.17
Television
Dec 26, 2009
Most Watched Youtube Videos (10/12/09)
544
1.71
Miscellaneous
Oct 12, 2009
Top 10s of the Year
440
2.00
Entertainment
Dec 19, 2009
Go to Creator's Profile
Score Distribution
Quiz Creator Spotlight
theoffice16
Follow
Send a Message
Quizzes Created
-
Created Quiz Play Count
-
More By This Creator
Popular Quizzes Today
1
Find the US States - No Outlines Minefield
2
Find the Countries of Europe - No Outlines Minefield
3
The Countries of the World
4
Popular People in 1961
5
1-10 Letter E Words III
6
US States
7
Find the US States
8
One Thing in Common: World Cities II
More Entertainment Quizzes
10 to 1: Tony Best Musical Characters
Published
Trending Quizzes
Risky Map Clicking: Least Populous States A-Z
1-10 Letter F Words
Humor Books: The Subtitles
1-10 Letter G Words
One Thing in Common: United Kingdom
Recently Updated
Leaping Animals
pecheneg
Reality TV Shows (A-Z)
bhenderson79
Rickey Henderson's Hall of Fame Teammates
pecheneg
Champions League XIs: Arsenal
pecheneg
Quick Pick: Celebrities in WWE's Hall of Fame
aduchscher
A-Z Keypad Blitz II
pecheneg
Multiple Oscar Actors
pecheneg
Mystery Phrase Blitz: Oscar 'Best Actors'
pecheneg
F. Scott Fitzgerald Novels
LTH
Pick 3 Villains
ddd62291
Trending Topics
Crossword
Disney
Anime
Harry Potter
Kpop
NBA
Marvel
Country
Soccer
Song
The Office
NFL
Pokémon
Puzzle
WWE
Your Account Isn't Verified!
In order to create a playlist on Sporcle, you need to verify the email address you used during registration. Go to your
Sporcle Settings
to finish the process.
Report this User
Report this user for behavior that violates our
Community Guidelines
.
Details:
Send Report
Go to the Sporcle.com Mobile Site →
Comments